Introduction to Health and Safety at Work\ (Record no. 586058)

000 -LEADER
fixed length control field 00436nam a22001697a 4500
003 - CONTROL NUMBER IDENTIFIER
control field NUST
020 ## - INTERNATIONAL STANDARD BOOK NUMBER
International Standard Book Number 9780367482886
038 ## - RECORD CONTENT LICENSOR
Staff Name Asim Zubair
082 ## - DEWEY DECIMAL CLASSIFICATION NUMBER
Classification number HUG
Author Mark 658.382
100 ## - MAIN ENTRY--PERSONAL NAME
Personal name Hughes,Phil
9 (RLIN) 81160
245 ## - TITLE STATEMENT
Title Introduction to Health and Safety at Work\
Statement of responsibility, etc. Phil Hughes.
250 ## - EDITION STATEMENT
Edition statement 7th Ed.
260 ## - PUBLICATION, DISTRIBUTION, ETC.
Place of publication, distribution, etc. New York,
Name of publisher, distributor, etc. Routledge,
Date of publication, distribution, etc. 2021.
300 ## - PHYSICAL DESCRIPTION
Extent xxv, 622p. :
Other physical details Paperback,
Dimensions 30cm
563 ## - BINDING INFORMATION
Binding note Paperback
942 ## - ADDED ENTRY ELEMENTS (KOHA)
Source of classification or shelving scheme
Koha item type Book
Holdings
Withdrawn status Lost status Source of classification or shelving scheme Damaged status Not for loan Permanent Location Current Location Shelving location Date acquired Total Checkouts Total Renewals Full call number Barcode Checked out Date last seen Date last checked out Price effective from Koha item type
          School of Mechanical & Manufacturing Engineering (SMME) School of Mechanical & Manufacturing Engineering (SMME) General Stacks 08/03/2021 3 5 HUG 658.382 SMME-3613 06/12/2024 02/13/2024 02/13/2024 08/03/2021 Book
© 2023 Central Library, National University of Sciences and Technology. All Rights Reserved.